Géopolitique (notice n° 1554089)
[ vue normale ]
| 000 -LEADER | |
|---|---|
| fixed length control field | 01531cam a2200277zu 4500 |
| 003 - CONTROL NUMBER IDENTIFIER | |
| control field | FRCYB88921384 |
| 005 - DATE AND TIME OF LATEST TRANSACTION | |
| control field | 20251020123413.0 |
| 008 - FIXED-LENGTH DATA ELEMENTS--GENERAL INFORMATION | |
| fixed length control field | 251020s2019 fr | o|||||0|0|||fre d |
| 020 ## - INTERNATIONAL STANDARD BOOK NUMBER | |
| International Standard Book Number | 9782200623302 |
| 035 ## - SYSTEM CONTROL NUMBER | |
| System control number | FRCYB88921384 |
| 040 ## - CATALOGING SOURCE | |
| Original cataloging agency | FR-PaCSA |
| Language of cataloging | fr |
| Transcribing agency | |
| Description conventions | rda |
| 100 1# - MAIN ENTRY--PERSONAL NAME | |
| Personal name | Loyer, Barbara |
| 245 01 - TITLE STATEMENT | |
| Title | Géopolitique |
| Remainder of title | Méthodes et concepts |
| Statement of responsibility, etc. | ['Loyer, Barbara'] |
| 264 #1 - PRODUCTION, PUBLICATION, DISTRIBUTION, MANUFACTURE, AND COPYRIGHT NOTICE | |
| Name of producer, publisher, distributor, manufacturer | Armand Colin |
| Date of production, publication, distribution, manufacture, or copyright notice | 2019 |
| 300 ## - PHYSICAL DESCRIPTION | |
| Extent | p. |
| 336 ## - CONTENT TYPE | |
| Content type code | txt |
| Source | rdacontent |
| 337 ## - MEDIA TYPE | |
| Media type code | c |
| Source | rdamdedia |
| 338 ## - CARRIER TYPE | |
| Carrier type code | c |
| Source | rdacarrier |
| 520 ## - SUMMARY, ETC. | |
| Summary, etc. | La géopolitique, qui est massivement employée par des analyses de toutes disciplines, est avant tout un savoir géographique qui s'intéresse aux causes des conflits et rivalités de pouvoir sur des territoires, à leurs évolutions et à leur résolution. Son champ d'étude, singulier, inclut des réalités à la fois objectives et subjectives, et requiert donc une méthodologie précise. Cet ouvrage vient proposer l'ensemble des notions, outils et méthodes à maîtriser pour mener des analyses géopolitiques fines et efficaces. Assorti de nombreuses études de cas, traitées à différentes échelles, il constitue une véritable initiation au raisonnement géopolitique, grille de lecture désormais incontournable de nos sociétés contemporaines. |
| 650 #0 - SUBJECT ADDED ENTRY--TOPICAL TERM | |
| Topical term or geographic name entry element | |
| 700 0# - ADDED ENTRY--PERSONAL NAME | |
| Personal name | Loyer, Barbara |
| 856 40 - ELECTRONIC LOCATION AND ACCESS | |
| Access method | Cyberlibris |
| Uniform Resource Identifier | <a href="https://international.scholarvox.com/netsen/book/88921384">https://international.scholarvox.com/netsen/book/88921384</a> |
| Electronic format type | text/html |
| Host name | |
Pas d'exemplaire disponible.




Réseaux sociaux